000 00557nam a2200193Ia 4500
003 GCL
008 140319s9999 xx 000 0 ara d
040 _aGCL /
_cGCL
082 0 4 _a891.7
_bف ى
100 1 _aامين الشريف
245 1 0 _aيوميات مدرسة (هدية من الاديب عبدالفتاح الجمل) /
_cامين الشريف
700 1 _aفيجدوروفا، ف
300 _a404 ص
490 _a
650 0 4 _aالادب
650 0 4 _aالادب الروسى
650 0 4 _aالقصص الروسية
942 _2ddc
_cBK
999 _c38609
_d38609